Politika sociálnej súdržnosti 2014-2020

Reformovaná politika súdržnosti. Nová politika súdržnosti v skratke. Investície verzus hlavné rastové priority.

Na minha lista:
Detalhes bibliográficos
Autor principal: Veselková, Alexandra
Formato: Capítulo de Livro
Idioma:eslovaco
Assuntos:
Tags: Adicionar Tag
Sem tags, seja o primeiro a adicionar uma tag!

MARC

LEADER 00000nla a2200000 4500
001 0188935
005 20240502073209.2
041 0 |a slo 
044 |a SK 
245 1 0 |a Politika sociálnej súdržnosti 2014-2020  |c Alexandra Veselková 
520 |a Reformovaná politika súdržnosti. Nová politika súdržnosti v skratke. Investície verzus hlavné rastové priority. 
610 2 0 |a kohézia 
610 2 0 |a kohézia sociálna 
610 2 0 |a Európska únia 
610 2 0 |a regióny 
610 2 0 |a disparita 
610 2 0 |a fond rozvoja 
610 2 0 |a rozvoj regionálny 
100 1 |a Veselková, Alexandra